000 00633nam a2200217Ii 4500
003 JO-AjNU
008 230606s9999||||xx |||||||||||||| ||und||
020 _a978-007712279-9
040 _aJO-AjNU
_beng
_erda
_cJO-AjNU
041 _aeng
050 1 4 _aQA76.76.D47 .C68 2002
100 3 _aHUGHES,Bob/COTTerell,
_eauthor
_9861
245 0 0 _a Software project management
250 _a5 ed
264 3 1 _aLondon:Mcgraw-hill.2009
300 _a392p
336 _atext
_btxt
_2rdacontent
337 _aunmediated
_bn
_2rdamedia
338 _avolume
_bnc
_2rdacarrier
650 4 _a Computer software -- Development -- Management 
_9862
999 _aE455
_c455
_d455